[Event "Russian Cup f"]
[Site "Sochi"]
[Date "1997.??.??"]
[Round "11"]
[White "Yakovich, Yuri"]
[Black "Vaulin, Alexander"]
[Result "1/2-1/2"]
[WhiteElo "2610"]
[BlackElo "2530"]

1.d4 f5 2.g3 Nf6 3.Bg2 g6 4.Nf3 Bg7 5.O-O O-O 6.c4 d6 7.Nc3 c6 8.d5 e5 9.e4 Na6
10.exf5 gxf5 11.Nh4 c5 12.Bg5 Nc7 13.Qc2 h6 14.Bd2 Nfe8 15.Kh1 Qf6 16.f4 e4
17.Rae1 b5 18.b3 bxc4 19.bxc4 h5 20.Nd1 Qf7 21.Nf2 Bd4 22.Nh3 Ng7 23.Ng5 Qf6
24.Rb1 Re8 25.Rb3 Na6 26.a3 Rb8 27.Bh3 Rxb3 28.Qxb3 Nc7 29.Re1 Na8 30.Ng2 Nb6
31.Ne3 Ba6  1/2-1/2

[Event "Split"]
[Site "Split"]
[Date "1997.??.??"]
[Round "?"]
[White "Gyorkos, Lajos"]
[Black "Bozanic, Ivica"]
[Result "1-0"]
[WhiteElo "2425"]
[BlackElo "2305"]

1.d4 f5 2.g3 Nf6 3.Bg2 g6 4.Nf3 Bg7 5.O-O O-O 6.c4 d6 7.Nc3 Nc6 8.d5 Ne5
9.Nxe5 dxe5 10.Qb3 h6 11.c5 Kh8 12.Rd1 g5 13.Bd2 a6 14.Be1 e4 15.Qa3 Qe8
16.Qa5 c6 17.dxc6 bxc6 18.Na4 Be6 19.Nb6 Ra7 20.Qa4 Ng4 21.h3 Ne5 22.Bc3 Rc7
23.f3 Qh5 24.Rf1 Qg6 25.Rad1 f4 26.Qxe4 Bf5 27.Qxe5 Bxe5 28.Bxe5+ Kh7 29.Bxc7 fxg3
30.Bxg3 Qe6 31.Kh2 Qxa2 32.b4 Rf7 33.f4 Qxe2 34.fxg5 hxg5 35.Rde1 Qc2 36.Rf2 Qd3
37.Nc8 e6 38.Nd6 Rf8 39.Bxc6 Qc3 40.Rxe6 Qxb4 41.Nxf5  1-0

[Event "SVK-chT1W 9798"]
[Site "SVK"]
[Date "1997.??.??"]
[Round "?"]
[White "Kakacka, Jozef"]
[Black "Kolcak, Marek"]
[Result "0-1"]
[WhiteElo "1790"]
[BlackElo "2175"]

1.d4 f5 2.Nf3 Nf6 3.g3 g6 4.Bg2 Bg7 5.O-O O-O 6.c4 d6 7.Nc3 Nc6 8.b3 Ne4
9.Bb2 Nxc3 10.Bxc3 e5 11.e3 e4 12.Ne1 Qe7 13.Qc2 a5 14.a3 Bd7 15.Qb2 g5 16.Nc2 g4
17.b4 a4 18.Rfd1 Qf7 19.Bf1 Ne7 20.Ne1 d5 21.c5 Rfb8 22.b5 c6 23.b6 Qh5 24.Qe2 Qh6
25.Rab1 Ng6 26.Ng2 Nh8 27.Nf4 Nf7 28.Bg2 Ng5 29.Qf1 Bf6 30.Rb4 Kf7 31.Rdb1 Rg8
32.Qd1 Nf3+ 33.Bxf3 gxf3 34.Qf1 Bg5 35.Bd2 Bxf4 36.exf4 Rg6 37.Kh1 Qh5 38.Qg1 Rh6
39.Be3 Qh3 40.Rc1 Kf6 41.Rc2 Rg8 42.Rc1 Rh5 43.Rxa4 Rg6  0-1

[Event "Piatka op"]
[Site "Swidnica"]
[Date "1997.??.??"]
[Round "2"]
[White "Shestoperov, Aleksej"]
[Black "Malaniuk, Vladimir P"]
[Result "1/2-1/2"]
[WhiteElo "2415"]
[BlackElo "2610"]

1.d4 f5 2.Nf3 g6 3.g3 Bg7 4.Bg2 Nf6 5.O-O O-O 6.c4 d6 7.Nc3 c6 8.d5 e5 9.dxe6 Bxe6
10.Qd3 Re8 11.Ng5 Nbd7 12.Nxe6 Rxe6 13.Qc2 Qe7 14.Rb1 a5 15.b3 Nc5 16.e3 Nfe4
17.Ne2 Qc7 18.Nd4 Ree8 19.Bb2 Ne6 20.Rbd1 Nxd4 21.Bxd4 Re6 22.Bxg7 Qxg7 23.Rd4 Ng5
24.Rfd1  1/2-1/2

[Event "Aktiv Alliancen-A"]
[Site "Taastrup"]
[Date "1997.??.??"]
[Round "5"]
[White "Christensen, Lasse"]
[Black "Nilssen, John Arni"]
[Result "0-1"]
[WhiteElo "2300"]
[BlackElo "2305"]

1.d4 f5 2.g3 g6 3.Bg2 Bg7 4.Nf3 Nf6 5.O-O O-O 6.c4 d6 7.Nc3 Qe8 8.d5 Na6
9.Nd4 Bd7 10.e4 fxe4 11.Nxe4 Nxe4 12.Bxe4 c6 13.Bg2 Nc7 14.Be3 e5 15.dxe6 Nxe6
16.Nxe6 Bxe6 17.Qxd6 Bxc4 18.Rfe1 Qf7 19.Qa3 Rfe8 20.Red1 Red8 21.Rxd8+ Rxd8
22.Bf1 Bd5 23.Bg2 Bxg2 24.Kxg2 Qd5+ 25.Kg1 a6 26.Rc1 Bf8 27.Qa4 Qb5 28.Qh4 Rd7
29.b3 Qd5 30.Qc4 Qxc4 31.Rxc4 Rd5 32.Kf1 c5 33.Ke2 b5 34.Rc2 Kf7 35.a4 Ke6
36.axb5 axb5 37.Ra2 Rd7 38.Ra5 Rb7 39.Ra8 Bd6 40.Ra5 Kd5 41.Kd3 Bc7 42.Ra6 c4+
43.bxc4+ bxc4+ 44.Kc2 Be5 45.Ra5+ Ke4 46.Bd2 Bd4 47.Ra4 Rb2+ 48.Kc1 Kd3 49.Ra3+ c3
50.Be1 Rc2+  0-1

[Event "Tallinn-J"]
[Site "Tallinn"]
[Date "1997.??.??"]
[Round "4"]
[White "Livner, Anders"]
[Black "Zitin, Yuri"]
[Result "1/2-1/2"]
[WhiteElo "2150"]
[BlackElo "2205"]

1.Nf3 f5 2.d4 Nf6 3.g3 g6 4.Bg2 Bg7 5.O-O O-O 6.c4 d6 7.d5 a5 8.Nc3 Na6 9.Rb1 Nc5
10.Nd4 Rb8 11.b3 Bd7 12.Bb2 Qe8 13.e3 g5 14.f4 g4 15.a3 e5 16.dxe6 Bxe6 17.Nxe6 Qxe6
18.Nd5 c6 19.Nxf6+ Bxf6 20.Bd4 Ne4 21.Qd3 Rbe8 22.Rbd1 h5 23.Rfe1 h4 24.Bxe4 Qxe4
25.Qxe4 Rxe4 26.Bxf6 Rxf6 27.a4 h3 28.Rd3 Kf7 29.Red1 Ke7 30.Kf2 Kd7 31.Rd4 Rfe6
32.R4d3 Kc7 33.R1d2 Re8 34.Rd1 Kb6 35.Ke2 Kc5 36.Kd2 Kb4 37.Re1 R8e6 38.Kc2 Re7
39.Kd2 R7e6 40.Kc2 Re7 41.Kd2 R7e6 42.Kc2  1/2-1/2

[Event "EU-ch U18 Girls"]
[Site "Tallinn"]
[Date "1997.??.??"]
[Round "6"]
[White "Tsalugelashvili, Lile"]
[Black "Iwaniuk, Dorota"]
[Result "1/2-1/2"]
[WhiteElo "2105"]
[BlackElo "2190"]

1.d4 f5 2.g3 Nf6 3.Bg2 g6 4.Nf3 Bg7 5.O-O O-O 6.c4 d6 7.d5 a5 8.Nc3 Na6 9.Nd4 Nc5
10.Nb3 Nxb3 11.Qxb3 Nd7 12.Na4 Kh8 13.Be3 b6 14.Rad1 Nc5 15.Nxc5 bxc5 16.Bd2 a4
17.Qc2 Qe8 18.Bc3 Qf7 19.f4 Bxc3 20.Qxc3+ Qf6 21.Qc2 Bd7 22.Rfe1 Rab8 23.Rd2 e5
24.dxe6 Bxe6 25.Bc6 Qf7 26.Rc1 Rb4 27.Bb5 Bd7 28.a3 Rb3 29.Rd3 Rxd3 30.Qxd3 Re8
31.Bxd7 Qxd7 32.Kf2 Rb8 33.Qc3+ Kg8 34.Rd1 Rb3 35.Qf6 Qe8 36.Rd3 Rxd3 37.exd3 Qc6  1/2-1/2

[Event "EST-ch (Women)"]
[Site "Tallinn"]
[Date "1997.??.??"]
[Round "7"]
[White "Tsiganova, Monika"]
[Black "Laesson, Tuulikki"]
[Result "1-0"]
[WhiteElo "2245"]
[BlackElo "2290"]

1.d4 f5 2.Nf3 Nf6 3.g3 g6 4.Bg2 Bg7 5.O-O O-O 6.c4 d6 7.Nc3 Qe8 8.d5 a5 9.Rb1 Na6
10.Be3 Bd7 11.b3 h6 12.a3 g5 13.b4 axb4 14.axb4 Ng4 15.Bd4 Ne5 16.c5 f4 17.Bxe5 dxe5
18.Nd2 c6 19.Nc4 Bf5 20.Ne4 Rd8 21.d6 Nc7 22.Qb3 Nd5 23.Nb6 e6 24.Nc4 Qg6
25.Ncd2 g4 26.Rfd1 h5 27.Qc4 h4 28.Rb3 hxg3 29.hxg3 Rf7 30.b5 fxg3 31.Rxg3 cxb5
32.Qxb5 Nf4 33.Qc4 Bh6 34.Ra1 Nxg2 35.Rxg2 Rh7 36.e3 Rf8 37.Ra4 Bg7 38.Nf1 Rh3
39.Nfg3 Kh7 40.Rb4 Ra8 41.Ra4 Rh8 42.Qb4 Qh6 43.Qxb7 Kg6 44.Kf1 Rh1+ 45.Ke2 Rc1
46.Ra7 Rf8 47.Rh2  1-0

[Event "Czerniak mem Bikurei Haitim"]
[Site "Tel Aviv"]
[Date "1997.??.??"]
[Round "10"]
[White "Zifroni, Dov"]
[Black "Gershon, Alik"]
[Result "1-0"]
[WhiteElo "2490"]
[BlackElo "2420"]

1.d4 f5 2.Nf3 Nf6 3.g3 g6 4.Bg2 Bg7 5.O-O O-O 6.c4 d6 7.Nc3 Qe8 8.d5 a5 9.Rb1 Na6
10.b3 h6 11.Nd4 g5 12.a3 Kh8 13.e3 Qg6 14.Qc2 h5 15.Bb2 h4 16.gxh4 Rg8 17.hxg5 Qxg5
18.f4 Qh5 19.Rf3 Bh6 20.Nce2 Rg4 21.Ng3 Qg6 22.Bh3 Bd7 23.Bxg4 Qxg4 24.Rbf1 Rg8
25.Kh1 Be8 26.Ndxf5 Bg6 27.e4 Kh7 28.Nxe7  1-0

[Event "Ubeda op"]
[Site "Ubeda"]
[Date "1997.??.??"]
[Round "1"]
[White "Gonzalez Garcia, Jose"]
[Black "Cuesto Busto, Sergio"]
[Result "0-1"]
[WhiteElo "2475"]
[BlackElo "2100"]

1.d4 f5 2.g3 Nf6 3.Bg2 g6 4.Nf3 Bg7 5.O-O O-O 6.c4 d6 7.Nc3 Qe8 8.d5 Na6
9.Rb1 c5 10.b3 h6 11.Bb2 g5 12.e3 Qh5 13.Nb5 f4 14.exf4 Bh3 15.Bxh3 Qxh3
16.Bxf6 Bxf6 17.fxg5 hxg5 18.Re1 Rf7 19.Qe2 g4 20.Qe6 Qh5 21.Nd2 Kh8 22.a3 Raf8
23.Nf1 Nc7 24.Nxc7 Bd4 25.Kh1 Rxf2 26.h4 gxh3 27.Qe4 Rg2 28.Ne3 Rff2 29.Ng4 Qxg4  0-1

[Event "CHI-ch"]
[Site "Vina del Mar"]
[Date "1997.??.??"]
[Round "5"]
[White "Rioseco, Fernando"]
[Black "Rosa, Fernando"]
[Result "0-1"]
[WhiteElo "2020"]
[BlackElo "2175"]

1.d4 f5 2.Nf3 Nf6 3.g3 g6 4.Bg2 Bg7 5.O-O O-O 6.c4 d6 7.Nc3 c6 8.Qc2 Na6
9.Rd1 Qe8 10.d5 c5 11.a3 Nh5 12.Rb1 f4 13.b4 Bf5 14.Ne4 fxg3 15.hxg3 h6 16.Nh4 Bd7
17.bxc5 Ba4 18.Qd3 Bxd1 19.Qxd1 g5 20.Nf3 Nf6 21.Nxf6+ Bxf6 22.cxd6 exd6
23.Bh3 Nc5 24.Be3 b6 25.Bxc5 bxc5 26.Be6+ Kh8 27.Qd3 Qe7 28.Kg2 Rab8 29.Rh1 Kg7
30.Nd2 Be5 31.Ne4 Rh8 32.g4 a5 33.Rh5 a4 34.Qh3 Rb3 35.e3 Rxa3 36.Nxg5 Qxg5
37.Rxg5+ hxg5 38.Qf3 Rh2+ 39.Kf1 Ra1+ 40.Ke2 Ra2+ 41.Kd3 Raxf2  0-1

[Event "Warsaw-ch"]
[Site "Warsaw"]
[Date "1997.??.??"]
[Round "2"]
[White "Gawronski, Miroslaw"]
[Black "Przedmojski, Rafal"]
[Result "0-1"]
[WhiteElo "2205"]
[BlackElo "2335"]

1.d4 f5 2.g3 Nf6 3.Bg2 g6 4.Nf3 Bg7 5.O-O O-O 6.c4 d6 7.Nc3 Nc6 8.d5 Ne5
9.Nxe5 dxe5 10.e4 f4 11.b3 g5 12.Ne2 Qe8 13.Qd3 Qh5 14.f3 Bd7 15.Bd2 Ne8
16.Rad1 Rf6 17.g4 Qf7 18.Bc3 Rg6 19.c5 h5 20.h3 Rh6 21.Rf2 Nf6 22.Qc4 hxg4
23.hxg4 Nxg4 24.fxg4 Bxg4 25.d6 exd6 26.Qxf7+ Kxf7 27.cxd6 Rxd6 28.Rxd6 cxd6
29.Bb4 Bf8 30.Nc3 a6 31.Rd2 Rc8 32.Bf1 Be6 33.Kf2 g4 34.Nd5 Rc6 35.a4 Bh6
36.Bc4 Bg5 37.Kg1 f3 38.Rd1 b5 39.axb5 axb5 40.Bd3 Bxd5 41.exd5 Be3+ 42.Kh2 Bf4+
43.Kg1 Ra6 44.Bd2 Bxd2 45.Rxd2 g3 46.Rd1 Ra2 47.Be4 Rg2+ 48.Kh1 Rf2 49.Kg1 Ke7
50.b4 Rg2+ 51.Kh1 Rh2+ 52.Kg1 f2+ 53.Kf1 Rh4 54.Bf3 Rxb4 55.Kg2 Rb3 56.Be2 b4
57.Ra1 e4 58.Ra8 Rb1 59.Bf1 b3 60.Ra4 Re1 61.Rb4 Re3 62.Bc4 Rc3 63.Bf1 e3
64.Rb6 Kf6 65.Rxd6+ Ke5 66.Rc6 Rxc6 67.dxc6 Kd6 68.Kxg3 b2  0-1

[Event "Warsaw-ch"]
[Site "Warsaw"]
[Date "1997.??.??"]
[Round "3"]
[White "Michniewski, Tomasz"]
[Black "Krolikowski, Ryszard"]
[Result "1-0"]
[WhiteElo "2295"]
[BlackElo "2095"]

1.d4 f5 2.c4 Nf6 3.Nf3 g6 4.g3 Bg7 5.Bg2 O-O 6.O-O d6 7.Nc3 Nc6 8.d5 Ne5
9.Nxe5 dxe5 10.e4 f4 11.Re1 Qd6 12.Na4 Nh5 13.g4 f3 14.gxh5 fxg2 15.Bg5 gxh5
16.Qxh5 Rf7 17.c5 Qd7 18.Nc3 Qg4 19.Qxg4 Bxg4 20.Kxg2 Bd7 21.Rad1 h5 22.b4 Kh7
23.Re3 Raf8 24.f3 Bh6 25.Bxh6 Kxh6 26.Rg1 Rg8+ 27.Kf2 Rxg1 28.Kxg1 h4 29.Kf2 Kh5
30.b5 h3 31.c6 bxc6 32.bxc6 Bc8 33.Nb5 Rg7 34.Re2 Kg5 35.Ke3 Kh4 36.Nxc7 Rg1
37.Ne6 Bxe6 38.dxe6 Rc1 39.Rd2 Rxc6 40.Rd7 Ra6 41.Rxe7 Kg5 42.Rg7+ Kf6 43.e7 Re6
44.Rh7 Kg6 45.e8=Q+ Rxe8 46.Rxa7 Rc8 47.Kf2 Kg5 48.Kg3  1-0

[Event "Computerij op"]
[Site "Zwolle"]
[Date "1997.??.??"]
[Round "3"]
[White "Hoerstmann, Martin"]
[Black "Becx, Cesar"]
[Result "1-0"]
[WhiteElo "2295"]
[BlackElo "2250"]

1.d4 f5 2.g3 Nf6 3.Bg2 g6 4.Nf3 Bg7 5.O-O O-O 6.c4 d6 7.Nc3 Nc6 8.d5 Na5
9.Qa4 c5 10.dxc6 Nxc6 11.Rd1 Bd7 12.Qc2 Rc8 13.Bf4 Na5 14.c5 Rxc5 15.b4 Rxc3
16.Qxc3 Ne4 17.Qd3 Bxa1 18.bxa5 Nc5 19.Qa3 Bf6 20.Be3 b6 21.axb6 axb6 22.Ng5 h6
23.Bxc5 bxc5 24.Qb3+ Kg7 25.Ne6+ Bxe6 26.Qxe6 Qc8 27.Qc4 Qb8 28.a4 Qb6 29.Bd5 Rb8
30.Kg2 Qb4 31.Qa6 Qb6 32.Qc4 Qa5 33.Bc6 Qc7 34.Bb5 Qc8 35.Kg1 Qg8 36.Qd3 Rd8
37.a5 e6 38.a6 Qf7 39.Bc6 d5 40.Rb1 c4 41.Qa3  1-0

[Event "AUT-chT3 9798"]
[Site "Vorarlberg "]
[Date "1998.01.09"]
[Round "6"]
[White "Amann, Harald"]
[Black "Klausner, Siegfried"]
[Result "0-1"]
[WhiteElo "2040"]
[BlackElo "2110"]

1.Nf3 f5 2.d4 Nf6 3.g3 g6 4.Bg2 Bg7 5.O-O O-O 6.c4 d6 7.Nc3 Nc6 8.d5 Ne5
9.Nd2 a6 10.Qb3 Qe8 11.e4 Rb8 12.a4 Nh5 13.f4 Nd3 14.Ne2 Nc5 15.Qc2 Bd7 16.Nc3 e5
17.dxe6 Qxe6 18.e5 Bc6 19.Bd5 Bxd5 20.cxd5 Qe7 21.Nf3 dxe5 22.fxe5 Bxe5 23.Bh6 Bg7
24.Rfe1 Qd6 25.Bxg7 Nxg7 26.b4 Nd7 27.Qb3 Rbe8 28.Ng5 Ne5 29.Kg2 h6 30.Ne6 Nxe6
31.dxe6 Qxe6 32.Qxe6+ Rxe6 33.Nd5 Rd8 34.Nxc7 Re7 35.b5 Rd2+ 36.Kf1 Rxc7
37.Rxe5 axb5 38.axb5 Rxh2 39.Rae1 Kf7 40.Rd5 Rh1+  0-1

[Event "Anibal op 5th"]
[Site "Linares"]
[Date "1998.01.20"]
[Round "1"]
[White "Timoshenko, Georgy"]
[Black "Kobese, Watu"]
[Result "1-0"]
[WhiteElo "2560"]
[BlackElo "2330"]

1.d4 f5 2.g3 Nf6 3.Bg2 g6 4.Nf3 Bg7 5.O-O O-O 6.c4 d6 7.Nc3 c6 8.Re1 Ne4
9.Qb3 Na6 10.Be3 Nxc3 11.Qxc3 Qe8 12.Rad1 e5 13.dxe5 dxe5 14.Qc1 Be6 15.b3 e4
16.Nd4 Bd7 17.Nc2 Rf7 18.Bd4 Bf8 19.Bc3 Nc5 20.b4 Na4 21.Ba1 Nb6 22.Ne3 Bh6
23.f4 Na4 24.Rd6 Bf8 25.Red1 Be6 26.c5 a5 27.a3 axb4 28.axb4 Bxd6 29.cxd6 b5
30.g4 h6 31.Qd2 Raa7 32.Qd4 Kh7 33.h4 h5 34.gxh5 gxh5 35.Kh2 Rad7 36.Bh3 Qf8
37.Rg1 Rxd6 38.Qe5 Bd7 39.Rg5 Kh6 40.Nxf5+ Bxf5 41.Bxf5 Rxf5 42.Rxf5  1-0

[Event "Ubeda op"]
[Site "Ubeda"]
[Date "1998.01.24"]
[Round "5"]
[White "Timoshenko, Georgy"]
[Black "De la Riva Aguado, Oscar"]
[Result "1/2-1/2"]
[WhiteElo "2560"]
[BlackElo "2495"]

1.d4 f5 2.Nf3 Nf6 3.g3 g6 4.Bg2 Bg7 5.O-O O-O 6.c4 d6 7.Nc3 Qe8 8.d5 a5 9.Rb1 Na6
10.b3 Bd7 11.Bb2 c6 12.a3 Rd8 13.Nd4 Nc7 14.b4 axb4 15.axb4 e5 16.dxe6 Nxe6
17.Nb3 f4 18.Na5 Bc8 19.b5 d5 20.bxc6 bxc6 21.cxd5 cxd5 22.Qa4 fxg3  1/2-1/2

[Event "Ubeda op"]
[Site "Ubeda"]
[Date "1998.01.27"]
[Round "8"]
[White "Gonzalez Garcia, Jose"]
[Black "De la Riva Aguado, Oscar"]
[Result "1/2-1/2"]
[WhiteElo "2435"]
[BlackElo "2495"]

1.d4 f5 2.Nf3 g6 3.g3 Bg7 4.Bg2 Nf6 5.c4 O-O 6.O-O d6 7.Nc3 Qe8 8.b3 Na6
9.Bb2 c6 10.Re1 e5 11.dxe5 dxe5 12.e4 f4 13.gxf4 Nh5 14.Ne2 Nxf4 15.Nxf4 Rxf4
16.h3 Qe7 17.Bc1 Rf8 18.Bg5 Bf6 19.Qd2 Be6 20.Rad1 Rae8 21.Bh6 Bg7 22.Bxg7 Qxg7
23.Qc3  1/2-1/2

[Event "AUT-chT3 9798"]
[Site "Vorarlberg "]
[Date "1998.01.30"]
[Round "7"]
[White "Blaickner, Dieter"]
[Black "Klausner, Siegfried"]
[Result "0-1"]
[WhiteElo "1929"]
[BlackElo "2110"]

1.d4 f5 2.Nf3 Nf6 3.g3 g6 4.Bg2 Bg7 5.O-O O-O 6.c4 d6 7.Nc3 Nc6 8.Bg5 h6
9.Bxf6 Bxf6 10.e3 e6 11.Qe2 Rb8 12.Rac1 a6 13.Rfd1 Ne7 14.e4 Bg7 15.e5 d5
16.h3 g5 17.Nh2 f4 18.Qh5 c6 19.Ne2 fxg3 20.fxg3 Bd7 21.h4 gxh4 22.Qxh4 Nf5
23.Qxd8 Rbxd8 24.Rf1 Ne3 25.Rxf8+ Rxf8 26.b3 Nxg2 27.Kxg2 c5 28.cxd5 cxd4
29.Nxd4 exd5 30.Nhf3 Rc8 31.Rxc8+ Bxc8 32.Kf2 Kf7 33.Ke3 h5 34.a4 Bg4 35.Kf2 Bxf3
36.Nxf3 Ke6 37.Nh2 Bxe5 38.Nf1 Kf5 39.Kf3 Bd4 40.b4 b5 41.axb5 axb5 42.Nd2 Bc3
43.Nb3 d4 44.Ke2 Kg4 45.Kf2 d3 46.Ke3 d2 47.Ke2 Kxg3  0-1

[Event "FRA-chT"]
[Site "FRA"]
[Date "1998.02.07"]
[Round "2"]
[White "Solozhenkin, Evgeniy"]
[Black "Szabolcsi, Janos"]
[Result "1-0"]
[WhiteElo "2500"]
[BlackElo "2390"]

1.d4 f5 2.g3 Nf6 3.Bg2 g6 4.Nf3 Bg7 5.O-O O-O 6.c4 c6 7.Nc3 Ne4 8.Qc2 d5
9.Bf4 Be6 10.Rfd1 h6 11.cxd5 cxd5 12.Nb5 Na6 13.Qb3 Qb6 14.a4 Rfc8 15.a5 Qd8
16.Nc3 b6 17.Qb5 Nxc3 18.bxc3 Nc7 19.Qc6 Bf7 20.axb6 Ne6 21.Bc7 Nxc7 22.b7 Be8
23.Qc5 a6 24.Ne5 Bxe5 25.dxe5 e6 26.c4 Bf7 27.Qd6 Ra7 28.bxc8=Q Qxc8 29.cxd5 Nb5
30.Qc6 Rc7 31.Qxa6 Nc3 32.d6  1-0

[Event "Calcutta Goodricke op"]
[Site "Calcutta"]
[Date "1998.02.12"]
[Round "7"]
[White "Stefanova, Antoaneta"]
[Black "Prakash, G B."]
[Result "1-0"]
[WhiteElo "2480"]
[BlackElo "2425"]

1.d4 f5 2.Nf3 Nf6 3.g3 g6 4.Bg2 Bg7 5.O-O O-O 6.c4 d6 7.Nc3 Qe8 8.b3 h6 9.Bb2 g5
10.d5 c5 11.Qc2 f4 12.gxf4 gxf4 13.Nh4 Ng4 14.Qg6 Qxg6 15.Nxg6 Rf7 16.Kh1 Nd7
17.Be4 Nf8 18.Nh4 Bf6 19.Nf3 Rg7 20.Rab1 Bd7 21.a4 Kf7 22.Nd1 Ng6 23.Bc1 N4e5
24.Nxe5+ Bxe5 25.Nb2 Nh4 26.Nd3 Bh3 27.Bxf4 Bxf4 28.Nxf4 Bxf1 29.Rxf1 Rg4
30.e3 Rag8 31.h3 R4g5 32.Ne6 Re5 33.Bh7 Rh8 34.Bc2 Rg8 35.Bh7 Rh8 36.Bc2 Nf3
37.Bd1 Nd2 38.Re1 Rf5 39.f4 Rg8 40.e4 Rf6 41.Bh5+ Rfg6 42.f5  1-0

[Event "Debrecen"]
[Site "Debrecen"]
[Date "1998.02.19"]
[Round "1"]
[White "Dede, Erno"]
[Black "Benedek, Zoltan"]
[Result "1/2-1/2"]
[WhiteElo "2215"]
[BlackElo "2105"]

1.Nf3 f5 2.c4 g6 3.d4 Nf6 4.g3 Bg7 5.Bg2 O-O 6.O-O d6 7.Nc3 Qe8 8.d5 Na6
9.Rb1 Bd7 10.b4 c6 11.Qb3 cxd5 12.cxd5 Rc8 13.Be3 Ng4 14.Bd4 Bxd4 15.Nxd4 f4
16.Ne4 Nc7 17.Ng5 h6 18.Nge6 Bxe6 19.dxe6 Nb5 20.Qd3 Nxd4 21.Qxd4 Qb5  1/2-1/2

[Event "Szeged TT02 IM"]
[Site "Szeged"]
[Date "1998.02.24"]
[Round "6"]
[White "Kovacs, Adrian"]
[Black "Komora, Andrej"]
[Result "0-1"]
[WhiteElo "2145"]
[BlackElo "2290"]

1.d4 f5 2.Nf3 Nf6 3.g3 g6 4.c4 Bg7 5.Bg2 O-O 6.O-O d6 7.b3 Qe8 8.Bb2 e5 9.dxe5 Ng4
10.Nbd2 Nc6 11.e4 f4 12.Qe2 Ngxe5 13.Nxe5 Nxe5 14.f3 Qe7 15.Rf2 g5 16.Nf1 Be6
17.Rb1 a5 18.a4 b6 19.g4 h5 20.h3 hxg4 21.hxg4 Kf7 22.Bh1 Rh8 23.Rh2 Rxh2
24.Qxh2 Rh8 25.Qe2 Kg6 26.Bg2 Bf6 27.Ba1 Qg7 28.Bb2 Rh4 29.Nh2 Qh8 30.Nf1 Kf7
31.Qd2 Ke7 32.Qe2 Kd7 33.Qd2 Kc8 34.Qe2 Kb8 35.Qd2 Bxg4 36.fxg4 f3 37.Bxe5 fxg2
38.Bxf6 gxf1=Q+  0-1

[Event "VISA GP"]
[Site "Reykjavik"]
[Date "1998.03.10"]
[Round "1"]
[White "Bjornsson, Tomas"]
[Black "Kindermann, Stefan"]
[Result "1/2-1/2"]
[WhiteElo "2235"]
[BlackElo "2565"]

1.d4 f5 2.c4 Nf6 3.Nf3 g6 4.g3 Bg7 5.Bg2 O-O 6.O-O d6 7.Nc3 Qe8 8.d5 Na6
9.Be3 c6 10.Qd2 Ng4 11.Nd4 Bd7 12.h3 Nxe3 13.Qxe3 Nc7 14.Qd2 c5 15.Nf3 a6
16.a4 b5 17.axb5 axb5 18.cxb5 Rb8 19.Ra7 Nxb5 20.Nxb5 Rxb5 21.Rb1 Qc8 22.Qc2 Rd8
23.Ng5 Qb8 24.Ra2 Qb6 25.Ne6 Bxe6 26.dxe6 d5 27.Qa4 c4 28.Rd1 Kf8 29.Qa8 Bxb2
30.Qa4 Bf6 31.Rad2 c3 32.Rxd5 Rbxd5 33.Bxd5 Rb8 34.Qc2 Qc5 35.Bb3 Qb5 36.Rb1 Rd8
37.Rd1 Rd2 38.Rxd2 cxd2 39.Qc8+ Kg7 40.Bd1 Qb1 41.Qc2 Qb4 42.Qb3 Qd6 43.Qd3 Qb4
44.Qb3 Qa5 45.Qa4 Qb6 46.Qb3  1/2-1/2

[Event "AUT-chT2O 9798"]
[Site "Austria"]
[Date "1998.03.13"]
[Round "13"]
[White "Tkaczuk, Rainer"]
[Black "Videki, Sandor"]
[Result "1/2-1/2"]
[WhiteElo "2440"]
[BlackElo "2245"]

1.Nf3 g6 2.g3 Bg7 3.Bg2 f5 4.O-O Nf6 5.d4 O-O 6.c4 d6 7.Nc3 Qe8 8.d5 c6 9.Nd4 Bd7
10.e4 fxe4 11.Nxe4 Nxe4 12.Bxe4 Na6 13.Be3 Nc7 14.Qb3  1/2-1/2

[Event "DEN-chT 9798"]
[Site "Denmark"]
[Date "1998.03.15"]
[Round "7"]
[White "Aagaard, Jacob"]
[Black "Christensen, Tobias"]
[Result "1/2-1/2"]
[WhiteElo "2440"]
[BlackElo "2395"]

1.d4 f5 2.c4 Nf6 3.Nf3 g6 4.g3 Bg7 5.Bg2 O-O 6.O-O d6 7.Nc3 Nc6 8.d5 Ne5
9.Nxe5 dxe5 10.a4 a6 11.b4 e4 12.Qb3 e6 13.Bb2 exd5 14.Nxd5 Be6 15.Rad1 Bxd5
16.cxd5 Qd6 17.f3 Rfe8 18.Bxf6 exf3 19.exf3 Bxf6 20.Rfe1 Kf7 21.f4 Rxe1+
22.Rxe1 Re8 23.Rxe8 Kxe8 24.h4 Be7  1/2-1/2

[Event "POL-ch"]
[Site "Ksiaz"]
[Date "1998.03.21"]
[Round "9"]
[White "Palus, Ryszard"]
[Black "Kuczynski, Robert"]
[Result "1/2-1/2"]
[WhiteElo "2385"]
[BlackElo "2485"]

1.d4 f5 2.Nf3 Nf6 3.c4 g6 4.g3 Bg7 5.Bg2 O-O 6.O-O d6 7.Nc3 c6 8.Re1 Na6
9.e4 fxe4 10.Nxe4 Nxe4 11.Rxe4 Bf5 12.Re1 Qd7 13.Nh4 Bg4 14.f3 Be6 15.d5 cxd5
16.f4 Nc7 17.cxd5 Bf7 18.Be4 e6  1/2-1/2

[Event "Dreifluesse op"]
[Site "Passau"]
[Date "1998.04.10"]
[Round "2"]
[White "Just, Joachim"]
[Black "Treffert, Peter"]
[Result "0-1"]
[WhiteElo "2078"]
[BlackElo "2325"]

1.Nf3 g6 2.d4 Bg7 3.g3 f5 4.Bg2 Nf6 5.O-O O-O 6.c4 d6 7.Nc3 Nc6 8.d5 Ne5
9.Nxe5 dxe5 10.e4 e6 11.f3 exd5 12.cxd5 f4 13.Bd2 fxg3 14.hxg3 Nh5 15.Ne2 c6
16.Be3 cxd5 17.Qxd5+ Qxd5 18.exd5 Bd7 19.Kh2 Nf6 20.Nc3 e4 21.Bg5 exf3 22.Bxf3 Ng4+
23.Kg2 Rac8 24.Rac1 h6 25.Bd2 Ne5 26.Be2 Bf5 27.Rf4 Rfd8 28.Rb4 b6 29.Rh1 g5
30.Rd1 Nd3 31.Bxd3 Bxd3 32.Bxg5 Bxc3 33.bxc3 Rxd5 34.Bf6 Be4+ 35.Rxe4 Rxd1
36.Re7 Rd2+ 37.Kh3 Rxa2 38.Kg4 Rc6 39.Be5 Ra5 40.Bd4 Ra4 41.Kf5 Ra5+ 42.Ke4 Ra1
43.Be5 Rf1 44.Kd4 Re1 45.Kd3 a6 46.Ra7 Rd1+ 47.Ke4 b5 48.Bd4 Rf1 49.Be5 Rg6
50.Ra8+ Rf8 51.Ra7 Re8 52.Kf4 Rge6 53.Bd4 R8e7 54.Ra8+ Kf7 55.Kf5 Rd7 56.Rh8 Rd5+
57.Kf4 Ke7 58.Ra8 Rc6 59.Rh8 b4 60.Ke4 Rxd4+ 61.cxd4 Rb6 62.Rh7+ Ke8 63.Rc7 b3
64.Rc1 b2 65.Rb1 a5 66.Kd3 a4 67.Kc2 a3 68.Re1+ Kd7 69.Kb1 Kd6 70.Rh1 Kd5
71.g4 Kxd4 72.Rg1 Ke4 73.Re1+ Kf4 74.Rg1 Kg5 75.Rd1 Kxg4 76.Rd4+ Kf5 77.Ra4 Rb3
78.Ra5+ Kg4 79.Ra4+ Kg3 80.Ra8 h5 81.Rg8+ Kh2 82.Ra8 h4 83.Ra7 h3 84.Ra8 Kh1
85.Ra7 h2 86.Ra8 a2+  0-1

[Event "Dreifluesse op"]
[Site "Passau"]
[Date "1998.04.10"]
[Round "2"]
[White "Krenn, Dan Philipp"]
[Black "Beckers, Thomas"]
[Result "1/2-1/2"]
[WhiteElo "1527"]
[BlackElo "1889"]

1.d4 f5 2.Nf3 g6 3.g3 Nf6 4.Bg2 Bg7 5.O-O O-O 6.c4 d6 7.Nc3 Nc6 8.Bg5 h6
9.Bxf6 Bxf6 10.Re1 e5 11.d5 Ne7 12.e4 fxe4 13.Nxe4 Bg7 14.h3 Nf5 15.Qd3 b6
16.b4 a5 17.a3 Qe7 18.g4 Nh4 19.Nxh4 Qxh4 20.Qg3 Qxg3 21.fxg3 axb4 22.axb4 Bb7
23.b5 Kh7 24.Kh2 Rfb8 25.Rf1 Kg8 26.Kg1 Rf8 27.Rfe1 Rfb8 28.Rf1 Bc8 29.Kh2 Bd7
30.Rfb1 Kf7 31.Kg1 Ke7 32.Kf2 Be8  1/2-1/2

[Event "Dreifluesse op"]
[Site "Passau"]
[Date "1998.04.10"]
[Round "2"]
[White "Loos, Stephan"]
[Black "Zoeller, Thomas"]
[Result "1-0"]
[WhiteElo "2245"]
[BlackElo "1875"]

1.d4 f5 2.g3 Nf6 3.Bg2 g6 4.Nf3 Bg7 5.O-O O-O 6.c4 d6 7.Nc3 Qe8 8.d5 Na6
9.Rb1 Nc5 10.Nd4 Bd7 11.b4 Nce4 12.Ncb5 Bxb5 13.Nxb5 Qd7 14.Qd3 Ng4 15.Bxe4 Ne5
16.Qc2 fxe4 17.Qxe4 a6 18.Nd4 Qh3 19.Ne6 Rf5 20.Nf4 Qg4 21.f3 Qg5 22.Ne6  1-0

[Event "GRE-chT"]
[Site "Poros"]
[Date "1998.04.20"]
[Round "1"]
[White "Karanikolas, Konstantinos"]
[Black "Grivas, Efstratios"]
[Result "0-1"]
[WhiteElo "2270"]
[BlackElo "2495"]

1.d4 f5 2.c4 Nf6 3.Nf3 g6 4.g3 Bg7 5.Bg2 O-O 6.O-O d6 7.Nc3 Qe8 8.d5 a5 9.Nd4 Na6
10.a3 Nc5 11.Ncb5 Qd8 12.Rb1 a4 13.b4 axb3 14.Nxb3 Nfe4 15.Nxc5 Nxc5 16.Be3 Na4
17.Rb4 Nc5 18.Bxc5 dxc5 19.Ra4 Rb8 20.Qd3 Bd7 21.Qe3 c6 22.dxc6 bxc6 23.Bxc6 f4
24.Qe4 Bh3 25.Re1 Qb6 26.Ra7 e6 27.a4 Qd8 28.Qc2 Qf6 29.Bf3 g5 30.gxf4 Qxf4
31.Qe4 Qf6 32.Rd1 Rbd8 33.Re1 g4 34.Nc7 gxf3  0-1

[Event "Zepter op"]
[Site "Minsk"]
[Date "1998.04.27"]
[Round "3"]
[White "Tihonov, Jurij"]
[Black "Malaniuk, Vladimir P"]
[Result "1/2-1/2"]
[WhiteElo "2400"]
[BlackElo "2600"]

1.d4 f5 2.g3 Nf6 3.Bg2 g6 4.Nf3 Bg7 5.O-O O-O 6.c4 d6 7.Nc3 Qe8 8.d5 Na6
9.Be3 h6 10.Qd2 Kh7 11.Rae1 e5 12.dxe6 Bxe6 13.Nd4 c6 14.Nxe6 Qxe6 15.b3 Rf7
16.Bd4 Nc5 17.Rd1 Rd7 18.e3 Qf7  1/2-1/2

[Event "Keres mem op"]
[Site "Tallin"]
[Date "1998.06.19"]
[Round "6"]
[White "Tsiganova, Monika"]
[Black "Gavrikov, Viktor"]
[Result "0-1"]
[WhiteElo "2305"]
[BlackElo "2555"]

1.d4 g6 2.Nf3 Bg7 3.c4 f5 4.g3 Nf6 5.Bg2 O-O 6.O-O d6 7.Nc3 c6 8.d5 e5 9.dxe6 Bxe6
10.Bf4 Bxc4 11.Bxd6 Re8 12.Qd4 Ba6 13.Qb4 Qb6 14.Qxb6 axb6 15.Rfe1 Nbd7 16.Rad1 Bc4
17.a3 Ne4 18.Nxe4 fxe4 19.Ng5 Bd5 20.Rd2 h6 21.Nh3 g5 22.Rc1 b5 23.Bb4 Nb6
24.Bc3 Nc4 25.Bxg7 Nxd2 26.Bxh6 Nc4 27.Rc2 b4 28.Nxg5 bxa3 29.bxa3 Rxa3 30.h4 b5
31.Kh2 c5 32.Nh3 b4 33.Bc1 Ra1 34.Nf4 Bf7 35.g4 b3 36.Rc3 Rxc1 37.Rxc1 Na3  0-1